Statistics for The Only Country that... #1

Click here to take the quiz!

General Stats

  • This quiz has been taken 1,104 times
    (917 since last reset)
  • The average score is 11 of 15

Answer Stats

The only country that...Country% Correct
...begins with OOman
99%
...has left the European UnionUnited Kingdom
87%
...does not have a rectangular flagNepal
80%
...has a total GDP above $20 trillionUnited States
78%
...begins with H and not in North AmericaHungary
73%
...ends in "lands", but is not in OceaniaNetherlands
72%
...gained independence in the 2010sSouth Sudan
72%
...has both wild tigers and lionsIndia
70%
...uses the złoty as currencyPoland
70%
...has a population density below 2.5/km²Mongolia
69%
...passes through the equator and a tropicBrazil
68%
...has banned chewing gumSingapore
68%
...has a GDP per capita above $185,000Monaco
66%
...has a capital beginning with IPakistan
55%
...ends in GLuxembourg
41%

Score Distribution

Percentile by Number Answered

Percent of People with Each Score

Your Score History

You have not taken this quiz since the last reset